| 000 | 00962nam a2200253Ia 4500 | ||
|---|---|---|---|
| 001 | 20473 | ||
| 003 | GE_BSU | ||
| 008 | 181216s||||||||xx |||||||||||||| ||und|| | ||
| 040 | _cGE_BSU | ||
| 080 | _a811.353.1-88(075.3) | ||
| 245 | _aკლასგარეშე საკითხავი ლიტერატურა | ||
| 245 | _bI კლასისათვის | ||
| 245 | _cშეადგინა ვალერიან რამიშვილმა. რედ. ნ. სუხიტაშვილი | ||
| 250 | _aმე-9 გამოცემა. | ||
| 260 | _aთბილისი | ||
| 260 | _bგანათლება | ||
| 260 | _c1989 | ||
| 300 | _a51 გვ. : ილ. ; 21 სმ. | ||
| 541 | _h30თ. | ||
| 653 | _aI კლასისათვის | ||
| 653 | _aკლასგარეშე საკითხავი ლიტერატურა | ||
| 653 | _aქართული ენა | ||
| 942 | _cBK | ||
| 999 |
_c53430 _d53430 |
||